000 00421nam a2200169Ia 4500
008 230524s9999 xx 000 0 und d
020 _a9788187721628
082 _a620.112
_bJAL
100 _a"Jalaludeen, S.Md"
245 0 _a Design Data Handbook
250 _a1
260 _aKumbakonan
_bAnuradha Publications
_c2012
300 _a30.5 p.
500 _aQuantity Number: 190
650 _aMechanics
942 _cBK
999 _c53224
_d53224